000
00244nam a2200097Ia 4500
008
190216s9999||||xx |||||||||||||| ||und||
100
_a
Gopikkuttan Nair
245
0
_a
Americayude Sambathika Shashthram
260
_b
Kerala Basha Inst
942
_c
BK
999
_c
37818
_d
37818